| 000 | 00449cam a2200181ua 4500 | ||
|---|---|---|---|
| 020 |
_a81-7029-507-6 _c225.00 |
||
| 041 |
_aeng _h |
||
| 082 |
_a004.68 _bDUT/LA |
||
| 100 | _aDutton, Ellen. | ||
| 245 |
_aLAN security handbook / _cEllen Dutton. _hTextual Documents |
||
| 250 |
_a1 / _b. |
||
| 260 |
_aNew Delhi : _bB P B Publishers , _c1995. |
||
| 300 | _a388 ; . | ||
| 365 | _a225.00 | ||
| 504 | _a | ||
| 942 | _cBK | ||
| 999 |
_c8949 _d8949 |
||